Statistics for Word Vocabulary - YO

Click here to take the quiz!

General Stats

  • This quiz has been taken 180 times
    (149 since last reset)
  • The average score is 9 of 14

Answer Stats

Hint% Correct
you
100%
your
86%
yolk
79%
yonderyon
79%
shout of painyow
74%
young
73%
yob
70%
Hebrew letteryod
70%
yoke
62%
of long agoyore
61%
youth
61%
yuckyock
39%
howlyowl
36%
difficult march over heavy terrainyomp
24%

Score Distribution

Percentile by Number Answered

Percent of People with Each Score

Your Score History

You have not taken this quiz since the last reset